| 000 | 00496nam a2200157Ia 4500 | ||
|---|---|---|---|
| 008 | 140529s9999 xx 000 0 und d | ||
| 020 | _a9789712722493 | ||
| 050 |
_aBT 125 _b.Se17 2009 |
||
| 245 |
_aSearching for balance : _bstories of loss andhealing / _cPacita Icasiano Habana and Carmela D. Ortigas, editors |
||
| 260 |
_aManila, Philippines : _bAnvil, _cc2009. |
||
| 300 |
_a179 p. ; _c23 cm. |
||
| 521 | _aGE | ||
| 650 | _aSpiritual healing. | ||
| 942 |
_kLOC _cBK |
||
| 999 |
_c117724 _d117724 |
||